| 000 | 00382pab a2200157 454500 | ||
|---|---|---|---|
| 008 | 180718b2015 xxu||||| |||| 00| 0 eng d | ||
| 100 | _aChindhade, Shirish | ||
| 245 | _aCatering to the college customers of tomorrow | ||
| 260 | _c2015 | ||
| 300 | _ap.8-11. | ||
| 362 | _a4 May | ||
| 650 | _aUniversities | ||
| 650 | _aStudents | ||
| 773 | _aUniversity News | ||
| 909 | _a107916 | ||
| 999 |
_c107911 _d107911 |
||